Vista normal
Vista MARC
Entrada Personal Name
Número de registros utilizados en: 10
001 - CONTROL NUMBER
- control field: 572
003 - CONTROL NUMBER IDENTIFIER
- control field: OSt
005 - DATE AND TIME OF LATEST TRANSACTION
- control field: 20230328165542.0
008 - FIXED-LENGTH DATA ELEMENTS
- fixed length control field: 230328|| aca||aabn | a|a d
040 ## - CATALOGING SOURCE
- Original cataloging agency: OSt
- Transcribing agency: OSt
100 ## - HEADING--PERSONAL NAME
- Personal name: Sánchez Cabra, Efraín
- Dates associated with a name: 1954-
670 ## - SOURCE DATA FOUND
- Source citation: Work cat.: (OSt)0: Sánchez Cabra, Efraín 1954- autor, San Agustín